Handi bitchelen. (Record no. 8214)

MARC details
000 -CABECERA
campo de control de longitud fija 00812nam a2200265 a 4500
001 - NÚMERO DE CONTROL
campo de control BRCA_8551
005 - FECHA Y HORA DE LA ÚLTIMA TRANSACCIÓN
campo de control 20190320210328.0
008 - DATOS DE LONGITUD FIJA--INFORMACIÓN GENERAL
campo de control de longitud fija 150816s1600----gw-a######---#000-0#ger-#
041 ## - CÓDIGO DE LENGUA
Código de lengua del texto/banda sonora o título independiente ger
044 ## - CÓDIGO DEL PAÍS DE LA ENTIDAD EDITORA/PRODUCTORA
Código MARC del país gw
050 #4 - SIGNATURA TOPOGRÁFICA DE LA BIBLIOTECA DEL CONGRESO
Número de clasificación BX1970
Número de documento/Ítem .H36
-- 16--?
245 10 - MENCIÓN DE TÍTULO
Título Handi bitchelen.
260 ## - PUBLICACIÓN, DISTRIBUCIÓN, ETC.
Lugar de publicación, distribución, etc. [s.l.]
Nombre del editor, distribuidor, etc. [s.i.]
Fecha de publicación, distribución, etc. 16--?
300 ## - DESCRIPCIÓN FÍSICA
Extensión 1 vol. (sin paginacion)
Otras características físicas il.
Dimensiones 8 cm
500 ## - NOTA GENERAL
Nota general Fondo antiguo
500 ## - NOTA GENERAL
Nota general Se encuentra en Caja Fuerte
500 ## - NOTA GENERAL
Nota general COG-124
500 ## - NOTA GENERAL
Nota general 8 láminas a color completas
500 ## - NOTA GENERAL
Nota general Nota de encuadernación: en piel con broches metálicos, lomo desgastado
500 ## - NOTA GENERAL
Nota general Texto manuscrito
506 0# - NOTA DE RESTRICCIONES AL ACCESO
Limitaciones de acceso Fondo reservado: para su consulta es necesario credencial de usuario y carta de motivos
650 14 - PUNTO DE ACCESO ADICIONAL DE MATERIA--TÉRMINO DE MATERIA
Término de materia o nombre geográfico como elemento de entrada Libro de horas
Término indicativo de función/relación aleman
9 (RLIN) 21430
902 ## - CATALOGADOR
Iniciales LAR
942 ## - ELEMENTOS DE PUNTO DE ACCESO ADICIONAL (KOHA)
Fuente del sistema de clasificación o colocación Library of Congress Classification
Tipo de ítem Koha Libros
Holdings
Estado de retiro Estado de pérdida Estado dañado No para préstamo Localización permanente Ubicación/localización actual Fecha de adquisición Número de inventario Total de préstamos Signatura topográfica completa Código de barras Fecha visto por última vez Precio válido a partir de Tipo de ítem Koha
Activo (en colección)       Biblioteca del Museo Franz Mayer (Rogerio Casas-Alatriste) Biblioteca del Museo Franz Mayer (Rogerio Casas-Alatriste) 15/08/2016 COG-124   BX1970 .H36 16--? (COG-124) LAR00054 22/03/2019 22/03/2019 Libros